Life on earth / (Record no. 2017)
[ view plain ]
| 000 -LEADER | |
|---|---|
| fixed length control field | 00732cam a22002298a 4500 |
| 001 - CONTROL NUMBER | |
| control field | 13752589 |
| 005 - DATE AND TIME OF LATEST TRANSACTION | |
| control field | 20241209164912.0 |
| 008 - FIXED-LENGTH DATA ELEMENTS--GENERAL INFORMATION | |
| fixed length control field | 041015s2006 nju b 001 0 eng |
| 020 ## - INTERNATIONAL STANDARD BOOK NUMBER | |
| International Standard Book Number | 9780131469129 |
| 050 00 - LIBRARY OF CONGRESS CALL NUMBER | |
| Classification number | QH308.2 |
| Item number | .A936 2006 |
| 082 00 - DEWEY DECIMAL CLASSIFICATION NUMBER | |
| Classification number | 570 |
| Edition information | 22 |
| 100 1# - MAIN ENTRY--PERSONAL NAME | |
| Personal name | Audesirk, Teresa. |
| 245 10 - TITLE STATEMENT | |
| Title | Life on earth / |
| Statement of responsibility, etc. | Teresa Audesirk, Gerald Audesirk, and Bruce E. Byers. |
| 250 ## - EDITION STATEMENT | |
| Edition statement | 4th ed. |
| 260 ## - PUBLICATION, DISTRIBUTION, ETC. | |
| Place of publication, distribution, etc. | Upper Saddle River, N.J. : |
| Name of publisher, distributor, etc. | Pearson Prentice Hall, |
| Date of publication, distribution, etc. | 2006. |
| 300 ## - PHYSICAL DESCRIPTION | |
| Extent | various paging |
| Other physical details | ill. color |
| Dimensions | 27.5cm |
| 650 #0 - SUBJECT ADDED ENTRY--TOPICAL TERM | |
| Topical term or geographic name entry element | Biology. |
| 700 1# - ADDED ENTRY--PERSONAL NAME | |
| Personal name | Audesirk, Gerald. |
| 700 1# - ADDED ENTRY--PERSONAL NAME | |
| Personal name | Byers, Bruce E. |
| 856 41 - ELECTRONIC LOCATION AND ACCESS | |
| Materials specified | Table of contents |
| Uniform Resource Identifier | <a href="http://www.loc.gov/catdir/toc/ecip052/2004024419.html">http://www.loc.gov/catdir/toc/ecip052/2004024419.html</a> |
| 942 ## - ADDED ENTRY ELEMENTS (KOHA) | |
| Source of classification or shelving scheme | Library of Congress Classification |
| Koha item type | Books |
| Edition | 4th ed. |
| Suppress in OPAC | No |
| 999 ## - | |
| -- | 2017 |
| -- | 2017 |
| Withdrawn status | Lost status | Source of classification or shelving scheme | Damaged status | Not for loan | Collection | Home library | Current library | Shelving location | Date acquired | Total checkouts | Full call number | Barcode | Date last seen | Copy number | Price effective from | Koha item type |
|---|---|---|---|---|---|---|---|---|---|---|---|---|---|---|---|---|
| Library of Congress Classification | Non-fiction | Science Library (Miotso) | Science Library (Miotso) | General stacks | 12/09/2024 | QH308.2 .A936 AUD | SLM00001196 | 12/09/2024 | 1 | 12/09/2024 | Books |